Normal view
MARC view
- Sewage sludge
Entry Topical Term
001 - CONTROL NUMBER
- control field: 5846
003 - CONTROL NUMBER IDENTIFIER
- control field: NUST
005 - DATE AND TIME OF LATEST TRANSACTION
- control field: 20171102120339.0
008 - FIXED-LENGTH DATA ELEMENTS
- fixed length control field: 171102|| aca||aabn | a|a d
040 ## - CATALOGING SOURCE
- Original cataloging agency: NUST
- Transcribing agency: NUST
150 ## - HEADING--TOPICAL TERM
- Topical term or geographic name entry element: Sewage sludge
- General subdivision: Management.
670 ## - SOURCE DATA FOUND
- Source citation: Work cat.: (NUST)0: Biosolids treatment and management :, c1996.
